Applications of mainstreaming in Australia and Northern Ireland (Record no. 63187)

000 -LEADER
fixed length control field 01195pab a2200181 454500
008 - FIXED-LENGTH DATA ELEMENTS--GENERAL INFORMATION
fixed length control field 180718b2004 xxu||||| |||| 00| 0 eng d
100 ## - MAIN ENTRY--PERSONAL NAME
Personal name Donaghy, Tahnya Barnett
245 ## - TITLE STATEMENT
Title Applications of mainstreaming in Australia and Northern Ireland
260 ## - PUBLICATION, DISTRIBUTION, ETC.
Date of publication, distribution, etc. 2004
300 ## - PHYSICAL DESCRIPTION
Extent p.393-410.
362 ## - DATES OF PUBLICATION AND/OR SEQUENTIAL DESIGNATION
Dates of publication and/or sequential designation Oct
520 ## - SUMMARY, ETC.
Summary, etc. Mainstreaming is a concept which describes the consideration of gender and other equity group impacts at every stage of the policy process. While the concept is endorsed and supported by a range of supranational bodies, international organizations, and national governments, very little is known about its applied impact. This article contributes to the mainstreaming literature by exploring two applied mainstreaming case studies. Through the measurement of political will, resource allocation, and methods of enforcement, Australias and Northern Ireland's mainstreaming strategies are analyzed, with conclusions drawn regarding their application processes and the impacts these have delivered. - Reproduced.
650 ## - SUBJECT ADDED ENTRY--TOPICAL TERM
Topical term or geographic name entry element Women - Northern Ireland
650 ## - SUBJECT ADDED ENTRY--TOPICAL TERM
Topical term or geographic name entry element Women - Australia
650 ## - SUBJECT ADDED ENTRY--TOPICAL TERM
Topical term or geographic name entry element Women
773 ## - HOST ITEM ENTRY
Main entry heading International Political Science Review
909 ## -
-- 63187
Holdings
Withdrawn status Lost status Damaged status Not for loan Permanent Location Current Location Date acquired Serial Enumeration / chronology Barcode Date last seen Price effective from Koha item type
        Indian Institute of Public Administration Indian Institute of Public Administration 2018-07-19 Volume no: 25, Issue no: 4 AR63637 2018-07-19 2018-07-19 Articles

Powered by Koha